Loading...
| Social Science | 0 | 4 | 0 | 1 | 40 | 84 | 107.00 | 0 | 1 | 0.00 | 0.00 |
| Fine Arts - Other | 0 | 4 | 0 | 0 | 40 | 52 | 113.25 | 1 | 1 | 0.00 | 0.00 |
| Philosophy | 0 | 4 | 0 | 2 | 40 | 117 | 131.25 | 0 | 0 | 0.00 | 0.00 |
| Literature - American | 0 | 4 | 0 | 1 | 40 | 61 | 111.25 | 0 | 0 | 0.00 | 0.00 |
| Literature - British | 0 | 3 | 0 | 1 | 30 | 129 | 132.67 | 0 | 0 | 0.00 | 0.00 |
| Science - Other | 0 | 4 | 3 | 1 | 25 | 73 | 99.25 | 0 | 0 | 0.00 | 0.00 |
| Literature - European | 0 | 3 | 1 | 0 | 25 | 69 | 97.33 | 0 | 1 | 0.00 | 0.00 |
| Any History | 0 | 2 | 0 | 1 | 20 | 135 | 140.00 | 0 | 0 | 0.00 | 0.00 |
| Religion | 0 | 2 | 1 | 1 | 15 | 96 | 115.50 | 0 | 0 | 0.00 | 0.00 |
| Literature - World | 0 | 1 | 0 | 0 | 10 | 113 | 113.00 | 0 | 0 | 0.00 | 0.00 |
| Science - Biology | 0 | 1 | 0 | 0 | 10 | 98 | 98.00 | 0 | 0 | 0.00 | 0.00 |
| Mythology | 0 | 1 | 0 | 0 | 10 | 127 | 127.00 | 0 | 0 | 0.00 | 0.00 |
| History - American | 0 | 1 | 0 | 0 | 10 | 122 | 122.00 | 0 | 0 | 0.00 | 0.00 |
| Fine Arts - Classical Music | 0 | 1 | 0 | 0 | 10 | 95 | 95.00 | 1 | 1 | 0.00 | 0.00 |
| Science - Chemistry | 0 | 1 | 1 | 0 | 5 | 89 | 89.00 | 0 | 0 | 0.00 | 0.00 |
| Science - Physics | 0 | 1 | 3 | 0 | -5 | 81 | 81.00 | 0 | 1 | 0.00 | 0.00 |